| 000 | 00445nam a2200157Ia 4500 | ||
|---|---|---|---|
| 003 | GCL | ||
| 008 | 140319s9999 xx 000 0 eng d | ||
| 040 |
_aGCL / _cGCL |
||
| 082 | 0 | 4 |
_aREF _b920 _bE I |
| 100 | 1 | _aEUROPA PUBLICATIONS LIMITED | |
| 245 | 1 | 0 |
_aTHE INTERNATIONAL WHO'S WHO 1997 / _cEUROPA PUBLICATIONS LIMITED |
| 260 |
_a[S.N] : _bEUROPA PUBLICATIONS LIMITED ، _c1996 |
||
| 300 | _a1726 | ||
| 650 | 0 | 4 | _aBIOGRAPHIES |
| 942 |
_2ddc _cREF |
||
| 999 |
_c26415 _d26415 |
||